Metallica ~ The Unforgiven - Statistics

General Stats
  • This quiz has been taken 84 times
  • The average score is 207 of 305
Answer Stats
Answer % Correct
a
95%
I
89%
the
89%
The
89%
and
88%
this
88%
This
88%
He
86%
he
86%
unforgiven
86%
New
84%
never
81%
Never
81%
What
81%
what
81%
You
81%
you
81%
me
79%
quickly
79%
So
79%
blood
77%
he's
77%
known
77%
Through
77%
through
77%
be
75%
earth
75%
felt
75%
joins
75%
to
75%
boy
74%
dub
74%
I've
74%
young
74%
man
70%
their
70%
on
68%
shown
68%
all
67%
his
67%
His
67%
thee
67%
They
67%
they
67%
see
65%
subdued
65%
that
65%
That
65%
free
63%
in
63%
is
63%
of
63%
shined
63%
learns
61%
rules
60%
constant
58%
no
58%
old
58%
done
56%
take
56%
whipping
56%
wrong
56%
from
54%
will
54%
them
53%
away
51%
have
51%
been
49%
here
49%
struggles
49%
bitter
47%
disgrace
47%
label
47%
might
47%
they'll
47%
win
47%
day
46%
lives
46%
thoughts
46%
With
46%
Won't
46%
yeah
46%
cannot
44%
dedicate
44%
life
44%
please
44%
running
44%
Deprived
42%
fight
42%
oh
42%
die
40%
I'll
40%
longer
40%
time
40%
tries
40%
battled
39%
cares
39%
own
39%
then
39%
constantly
37%
regretfully
35%
child
33%
vow
33%
draws
32%
Ooh
32%
ooh
32%
prepares
32%
onto
30%
same
30%
Throughout
30%
tired
28%
pained
26%
lable
21%
labled
18%
Whoa
9%
No matching quizzes found
Score Distribution
Percent of People with Each Score
Percentile by Number Answered
Your Score History
You have not taken this quiz